Schnelle Mathematik - Multiplikation im Binärsystem Level 02 - Statistiken

Allgemein
  • Dieses Quiz wurde 120 mal gespielt
  • Das Durchschnittsergebnis liegt bei 19 aus 20
Antwortstatistiken
Frage Antwort % Korrekt
1⋅0 0
100%
10⋅0 0
100%
11⋅0 0
100%
1⋅10 10
100%
1⋅100 100
100%
10⋅11 110
100%
0⋅0 0
96%
0⋅10 0
96%
100⋅0 0
96%
1⋅1 1
96%
10⋅10 100
96%
100⋅1 100
96%
10⋅100 1000
96%
100⋅10 1000
96%
1⋅11 11
96%
0⋅1 0
95%
0⋅11 0
95%
0⋅100 0
95%
10⋅1 10
95%
100⋅100 10000
95%
11⋅1 11
95%
100⋅11 1100
95%
11⋅10 110
92%
11⋅100 1100
91%
11⋅11 1001
68%
Keine übereinstimmenden Quizze gefunden
Verteilung der Resultate
Anzahl Personen mit jedem Resultat
Perzentil nach korrekt beantworteten Fragen
Ihre Resultats-Entwicklung
Sie haben dieses Quiz noch nicht gespielt